Nome completo dos países da América do Sul - Statistics

Estatísticas Gerais
  • Esse quiz foi jogado 38 vezes
  • A pontuação média é 31 de 40
Estatísticas das Respostas
País Nome completo % Correto
Brasil Brasil
97%
Chile Chile
88%
Brasil República
88%
Uruguai Uruguai
88%
Argentina Argentina
85%
Colômbia Colômbia
85%
Brasil Do
85%
Paraguai Paraguai
85%
Peru Peru
85%
Uruguai República
85%
Argentina República
85%
Chile República
85%
Paraguai República
85%
Peru República
85%
Equador República
85%
Colômbia República
85%
Venezuela República
85%
Guiana República
85%
Bolívia Bolívia
82%
Uruguai Do
82%
Chile Do
82%
Paraguai Do
82%
Peru Do
82%
Equador Do
82%
Equador Equador
82%
Brasil Federativa
82%
Suriname República
82%
Suriname Suriname
82%
Suriname Do
79%
Venezuela Venezuela
79%
Guiana Guiana
76%
Colômbia Da
74%
Venezuela Da
74%
Bolívia Da
68%
Guiana Da
68%
Bolívia Estado
47%
Uruguai Oriental
38%
Venezuela Bolivariana
35%
Bolívia Plurinacional
24%
Guiana Cooperativa
15%
Nenhum quiz correspondente encontrado
Distribuição das Pontuações
Porcentagem de Pessoas com Cada Pontuação
Percentil de Números Respondidos
Sua Pontuação Histórica
Você não jogou esse quiz